39 ключів.На глибині (Запис № 17757)

000 -Маркер запису
Контрольне поле сталої довжини 01959nam a22002657a 4500
003 - Належність контрольного номера
Контрольне поле Uzh_bibl
008 - Кодовані дані
Контрольне поле сталої довжини 260514b |||||||| |||| 00| 0 ukr d
020 ## - Індекс ISBN
ISBN 978-617-09-1017-2
Ціна 47.46
040 ## - Джерело каталогіз.
Код мови каталог. укр.
041 ## - Код мови видання
Код мови оригіналу англійська
Код мови тексту українська
080 ## - Індекс УДК
Індекс УДК 821.111.(73)
090 ## - Шифри
Поличний індекс 821.111.(73)
Авторський знак В 79
100 ## - Автор
Автор Вотсон,Джуд
245 ## - Назва
Назва 39 ключів.На глибині
Відповідальність пер.Ігор Бондар-Терещенко
Фізичний носій Текст
260 ## - Вихідні дані
Місце видання Харків
Видавництво "Ранок"
Дата видання 2014
300 ## - Фізичний опис
Обсяг 240 с.
Тип одиниці В опр.
490 ## - Серія
№ тому Кн.6
520 ## - Анотація
Анотація На черговому етапі змагання за тридцятьма дев'ятьма ключами 14-річна Емі та її молодший брат Ден вирушають слідами батьків до Австралії. Там вони знайомляться зі своїм рідним дядьком Шепом, потерпають від родини Кабрів, дізнаються про те, що їхня няня вміє керувати літаком, і опиняються у підземному місті Кубер-Педі, найвідомішому місці на світі з видобутку опалів. В Австралії Емі несподівано починає згадувати подробиці тієї ночі, що забрала життя їхніх батьків, і в результаті перестає довіряти навіть власному братові, вже не розуміючи, хто їхній друг, а хто ворог. Саме це призводить до фатальної помилки.<br/>
521 ## - Примітка про цільове призначення
Примітка про цільове призначення Для широкого кола читачів
546 ## - Примітка про мову
Примітка про мову укр.
650 ## - Тематичні рубрики
Основна рубрика Літературно-художнє видання
653 ## - Ключові слова
Ключові слова Спогади
-- Нова родина
655 ## - Термін індексування — жанр/форма
Жанр/форма Пригоди
Типове ділення Роман
942 ## - ADDED ENTRY ELEMENTS (KOHA)
Джерело класифікації чи схема поличного розташування
Koha item type Книги
Фонди
Статус вилучення Статус втрати/відсутності Джерело класифікації чи схема поличного розташування Статус пошкодження Тип обігу (не для випозичання) Постійне розташування Поточне розташування Розташування у відділі Дата надходження Інвентарний номер Total Checkouts Повний (примірниковий) шифр зберігання Штрих-код Date last seen Дата, для якої чинна ціна заміни Тип одиниці (рівень примірника)
          Бібліотека-філія №3 Бібліотека-філія №3 Абонемент старший відділ 14/05/2026 67850   821.111.(73) 4229 14/05/2026 14/05/2026 Книги

Працює на АБІС Коха